000 00225nam a22000857a 4500
008 160916b xxu||||| |||| 00| 0 eng d
100 _9585
_aKumar.H.etal
245 _aMega Computers-IV
260 _aNew Delhi
_bP.P. publications
_c2007
999 _c3241
_d3241